| 000 | 01199nam2a22002771 4500 | ||
|---|---|---|---|
| 001 | rc\3787740 | ||
| 005 | 20250530053315.0 | ||
| 021 |
_aRU _b[82-68010] |
||
| 035 | _a(NLR Aleph) 007250708 | ||
| 090 |
_a5202175 _c5202175 |
||
| 100 | _a20120311d1982 |||y0rusy50 ca | ||
| 101 | 0 | _arus | |
| 102 | _aRU | ||
| 105 | _ag z ||||| | ||
| 200 | 0 |
_aВып. 5 _f[Сост. Л.М. Французов] |
|
| 210 |
_d1982 _aБ. м. |
||
| 215 |
_a110 с. _cнот. |
||
| 225 | 1 |
_aСамодеятельный театр _eРепертуар и методика _v16 |
|
| 300 | _aИзд. выходит с 1975 г. | ||
| 461 | 0 |
_1001rc\2622366 _12001#$vВып. 5 _96094181 _aИнститут норм и стандартов строительной промышленности (Москва) _cМосква _d1931 _nТехника управления _p28 с., 1 вкл. л. черт. _tДеревянные двутавровые балки на гвоздях с перекрестной стенкой _vВып. 5 |
|
| 702 | 1 |
_aФранцузов _bЛ.М. _gЛеонид Михайлович _4220 |
|
| 801 | 0 |
_aRU _bNLR _gpsbo |
|
| 801 | 1 |
_aRU _bELAR _2rusmarc |
|
| 852 |
_aNLR _j76-3/7261 |
||
| 942 | _cBOOK | ||
| 980 | _aNB | ||